00438 2200181 4500001002100000005001500021008004100036020002200077035001900099041000600118082000800124090001400132100002100146245002100167260002700188300002400215650001700239INLIS00000000000304720241224112641241224||||||||| | ||| |||| ||  a978-979-16921-6-8 0010-1224003047 a00 a813 a813 FIR c0 aMichael Firewall00aConspiracy Agent bMomentum Fictionc2007 avi, 210 hlm.; 21 cm 0aKesusastraan